| 000 | 00801aam a2200265 4500 | ||
|---|---|---|---|
| 005 | 20230601161945.0 | ||
| 008 | 150323b2012 xxu||||| |||| 00| 0 spa d | ||
| 041 | _aESP | ||
| 082 | _a004.1 B873i11 | ||
| 100 |
_aBrookshear, Glenn _978527 |
||
| 245 | _aIntroducción a la computación | ||
| 250 | _a11 edición. | ||
| 260 |
_aEspaña _bPearson Educación _c2012 |
||
| 300 | _a720 páginas | ||
| 650 |
_aCOMPUTADORES _978528 |
||
| 650 |
_aINFORMÁTICA _978529 |
||
| 650 |
_aARQUITECTURA DE COMPUTADORAS _978530 |
||
| 650 |
_aINGENIERÍA DEL SOFTWARE _978531 |
||
| 650 |
_aINTELIGENCIA ARTIFICIAL _978532 |
||
| 650 |
_aALGORITMOS _978533 |
||
| 650 |
_aSISTEMA DE BASE DE DATOS _978534 |
||
| 650 |
_aLENGUAJES DE PROGRAMACIÓN _978535 |
||
| 650 |
_aGRÁFICOS POR COMPUTADORA _978536 |
||
| 942 | _cBK | ||
| 999 |
_c4085 _d4085 |
||